000 01128nji a22002657a 4500
005 20100831102949.0
006 a|||||r|||||00| 0
007 sd ammalaaahaa
008 100830t xxu||||| |||| 00| 0 eng d
028 _aN 36157
_bHis Master's Voice
035 _aGR-00254
040 _aSED
_cSED
100 _917455
_aKahadgekar, Sardarbai
245 _aBinat hamari sajni deskar ./
_cby Sardarbai Karadgekar
_h[sound recording] :
246 _aबिनत हमारी सजनी देसकार / सर्दार्बाई कराद्गकर
260 _aDum Dum, India
_bHis Master's Voice
_cn.d.
300 _a1 sound disc [Gramophone Recording]:
_banalog, 33 1/3 rpm
_c9.5 in. (MP)
_fGramophone Record
500 _aBrief Record
505 _aside 2 घन से घना नायकी कनाडा ( ghan se ghana nayaki kanada) ( Sardarbai Karadgekar)
650 _aClassical music
_zIndia
_91186
_xExcerpts
700 _917416
700 _917456
942 _2ddc
_cGR
999 _c43324
_d43324